UBT Library

The basic practice of statistics / (Record no. 44588)

000 -LEADER
fixed length control field 00697cam a22002534a 4500
001 - CONTROL NUMBER
control field 14359409
005 - DATE AND TIME OF LATEST TRANSACTION
control field 20180309073951.0
008 - FIXED-LENGTH DATA ELEMENTS--GENERAL INFORMATION
fixed length control field 060501s2007 nyua 001 0 eng
010 ## - LIBRARY OF CONGRESS CONTROL NUMBER
LC control number 2006926755
020 ## - INTERNATIONAL STANDARD BOOK NUMBER
International Standard Book Number 9780716770626 (hbk.)
020 ## - INTERNATIONAL STANDARD BOOK NUMBER
International Standard Book Number 0716770628
020 ## - INTERNATIONAL STANDARD BOOK NUMBER
International Standard Book Number 9780716777854 (pbk.)
020 ## - INTERNATIONAL STANDARD BOOK NUMBER
International Standard Book Number 0716777851
040 ## - CATALOGING SOURCE
Original cataloging agency DLC
Transcribing agency DLC
041 ## - LANGUAGE CODE
Language code of text/sound track or separate title eng
080 ## - UNIVERSAL DECIMAL CLASSIFICATION NUMBER
Universal Decimal Classification number 311
082 ## - DEWEY DECIMAL CLASSIFICATION NUMBER
Edition number 311 MOO
100 1# - Rafti
Rafti 58
101 ## - Shkurtesa
Shkurtesa STA
245 14 - TITLE STATEMENT
Title The basic practice of statistics /
Statement of responsibility, etc David S. Moore.
906 ## - LOCAL DATA ELEMENT F, LDF (RLIN)
a 7
b cbc
c orignew
d 3
e epcn
f 20
g y-gencatlg
942 ## - ADDED ENTRY ELEMENTS (KOHA)
Source of classification or shelving scheme
Item type Books
Holdings
Withdrawn status Lost status Source of classification or shelving scheme Damaged status Not for loan Collection code Permanent location Current location Shelving location Date acquired Total Checkouts Full call number Barcode Date last seen Price effective from Koha item type
          Koleksioni i përgjithshem UBT - Lipjan UBT - Lipjan Koleksioni i lëndeve mesimore 03/09/2018   311 MOO 002-3001537 03/09/2018 03/09/2018 Books
UBT Library © 2015-2024. All rights reserved University Education for Business and Technology